[Event "IND-ch Women 2019"]
[Site "Karaikkudi"]
[Date "2019.07.19"]
[Round "1.1"]
[White "Nanditha V"]
[Black "Soumya, Swaminathan"]
[Result "0-1"]
[WhiteElo "1687"]
[BlackElo "2402"]
[Annotator "TA"]
[PlyCount "64"]
[EventDate "2019.07.19"]
[EventType "swiss"]
[EventCountry "IND"]
[SourceTitle "playchess.com"]
[Source "ChessBase"]
[SourceQuality "1"]

{[%evp 14,64,8,0,12,-28,-29,-65,-50,-119,-117,-128,-121,-167,-155,-160,-120,-282,-298,-301,-315,-293,-308,-297,-297,-298,-290,-364,-349,-624,-632,-1138,-1122,-1083,-1076,-1055,-1027,-980,-580,-570,-568,-691,-681,-822,-759,-774,-733,-797,-764,-1622,-1612,-1615,-1514]} 1. e4 c5 2. Nf3 Nc6 3. Bb5 g6 4. O-O Bg7 5. Re1 e5 6. c3 Nge7 7. d3 O-O 8. Be3 d6 {B31: Sicilian: 2...Nc6 3 Bb5 g6} 9. Na3 (9. h3) 9... a6 10. Bxc6 Nxc6 {Black is slightly better.} 11. d4 ({Better is} 11. Nc2 $15) 11... exd4 $17 12. cxd4 Bg4 13. dxc5 Bxb2 $146 ({Predecessor:} 13... Bxf3 14. gxf3 Bxb2 {0-1 (23) Daghan,D (1820)-Sorgic,D (2220) Skopje 2015}) 14. Nc4 Bxf3 15. gxf3 $2 (15. Qxf3 $17 Bxa1 16. Rxa1) 15... Bxa1 $19 16. Qxa1 {[#]} dxc5 $1 17. Rd1 {[#]} Nd4 $1 18. Bxd4 cxd4 19. Rxd4 Qf6 20. Qd1 Rad8 21. Rxd8 $2 (21. Nd6) 21... Rxd8 {[%mdl 4096] Endgame KQR-KQN. Black is clearly winning.} 22. Qe2 Qg5+ 23. Kf1 Qc1+ 24. Kg2 Rd1 {( -> ...Rg1+)} 25. f4 Rd4 26. Ne3 Rxe4 27. Qd3 Rxf4 28. Nd5 Rg4+ 29. Kf3 Rg5 30. Nf6+ Kg7 31. Ne8+ Kf8 32. Nd6 {[#]} Rd5 $1 {[%mdl 512] Accuracy: White = 27%, Black = 80%.} 0-1

[Event "IND-ch Women 2019"]
[Site "Karaikkudi"]
[Date "2019.07.19"]
[Round "1.2"]
[White "Kulkarni Bhakti"]
[Black "Ananya Bothra"]
[Result "1-0"]
[WhiteElo "2388"]
[BlackElo "1681"]
[Annotator "RC"]
[PlyCount "67"]
[EventDate "2019.07.19"]
[EventType "swiss"]
[EventCountry "IND"]
[SourceTitle "playchess.com"]
[Source "ChessBase"]
[SourceQuality "1"]
[TimeControl "40/5400+30:1800+30"]

1. d4 {[%emt 0:00:00]} d5 {[%emt 0:00:07]} 2. c4 {[%emt 0:00:40]} e6 {[%emt 0:00:38]} 3. Nc3 {[%emt 0:00:39]} Nf6 {[%emt 0:00:32]} 4. Bf4 {[%emt 0:04:30]} Be7 {[%emt 0:04:41]} 5. e3 {[%emt 0:00:14]} O-O {[%emt 0:01:37]} 6. c5 {[%emt 0:01:16]} c6 {[%emt 0:07:39]} 7. h3 {[%emt 0:01:02]} b6 {[%emt 0:02:37]} 8. b4 {[%emt 0:00:40]} a5 {[%emt 0:01:47]} 9. a3 {[%emt 0:00:06]} Ba6 {[%emt 0:02:20]} 10. Bxa6 {[%emt 0:02:12]} Nxa6 {[%emt 0:00:57]} 11. Rb1 {[%emt 0:00:19]} axb4 {[%emt 0:05:32]} 12. axb4 {[%emt 0:01:01]} Nd7 {[%emt 0:13:23]} 13. Nf3 {[%emt 0:01:05]} f6 {[%emt 0:01:36]} 14. O-O {[%emt 0:09:38]} e5 {[%emt 0:08:13]} 15. dxe5 {[%emt 0:01:39]} fxe5 {[%emt 0:00:45]} 16. Nxe5 {[%emt 0:00:34]} Nxe5 {[%emt 0:00:09]} 17. Bxe5 {[%emt 0:00:07]} bxc5 {[%emt 0:00:30]} 18. b5 {[%emt 0:03:52]} Nb4 {[%emt 0:04:12]} 19. bxc6 {[%emt 0:03:08]} Bf6 {[%emt 0:02:08]} 20. c7 {[%emt 0:05:53]} Qd7 {[%emt 0:01:05]} 21. Bxf6 {[%emt 0:02:31]} Rxf6 {[%emt 0:00:18]} 22. Ne4 {[%emt 0:09:06]} Rc6 {[%emt 0:01:22]} 23. Nxc5 {[%emt 0:01:28]} Rxc5 {[%emt 0:03:04]} 24. Rxb4 {[%emt 0:00:06]} Qxc7 {[%emt 0:00:06]} 25. Rd4 {[%emt 0:01:34]} Qf7 {[%emt 0:02:34]} 26. Qb3 {[%emt 0:04:16]} Rf8 {[%emt 0:02:28]} 27. Rf4 {[%emt 0:01:37]} Qc7 {[%emt 0:00:21]} 28. Rxf8+ {[%emt 0:02:00]} Kxf8 {[%emt 0:00:08]} 29. Rd1 {[%emt 0:00:26]} g6 {[%emt 0:01:28]} 30. Rxd5 {[%emt 0:01:37]} Rxd5 {[%emt 0:04:56]} 31. Qxd5 {[%emt 0:00:02]} Qc1+ {[%emt 0:00:30]} 32. Kh2 {[%emt 0:00:02]} Qc2 {[%emt 0:00:50]} 33. Qd6+ {[%emt 0:01:11]} Kg7 {[%emt 0:00:28]} 34. Qf4 {[%emt 0:00:46]} 1-0

[Event "IND-ch Women 2019"]
[Site "Karaikkudi"]
[Date "2019.07.19"]
[Round "1.3"]
[White "Vora Ananya"]
[Black "Divya Deshmukh"]
[Result "0-1"]
[WhiteElo "1674"]
[BlackElo "2373"]
[Annotator "TA"]
[PlyCount "50"]
[EventDate "2019.07.19"]
[EventType "swiss"]
[EventCountry "IND"]
[SourceTitle "playchess.com"]
[Source "ChessBase"]
[SourceQuality "1"]

{[%evp 20,83,-9,-21,-17,-41,-22,-75,-36,-50,-41,-54,-26,-39,-36,-112,-100,-191,-177,-184,-132,-121,-108,-131,-67,-100,-112,-242,-86,-74,-77,-166,-129,-131,-141,-133,-118,-135,-124,-128,-122,-219,-219,-242,-238,-331,-268,-349,-352,-341,-320,-812,-812,-801,-783,-951,-913,-797,-791,-899,-863,-29985,-29986,-29996,-29997,-29999]} 1. e4 c5 2. Nf3 e6 3. d4 cxd4 4. Nxd4 a6 5. Nc3 Qc7 6. g3 Nf6 7. Bg2 Be7 8. O-O O-O 9. h3 Nc6 10. Nde2 d6 11. a4 b6 {B80: Sicilian Scheveningen: 6 g3 and 6 Be3, including English Attack} (11... Rb8 12. b3 b5 13. axb5 axb5 14. Nf4 b4 15. Nce2 Bb7 16. Bb2 Ne5 17. f3 Rfc8 18. Rc1 d5 19. exd5 Nxd5 20. Nxd5 Bxd5 {½-½ (57) Nepomniachtchi,I (2729)-Matlakov,M (2625) Olginka 2011}) 12. g4 Bb7 13. Ng3 (13. g5 $11 Nd7 14. Be3) 13... Rfd8 {Black is better.} 14. g5 Nd7 15. f4 Nc5 $146 ({Predecessor:} 15... Nf8 16. Qe2 Nb4 17. Be3 d5 18. exd5 Nxd5 19. Nxd5 Bxd5 20. Bxd5 Rxd5 {½-½ (74) Djurhuus,R (2419)-Tryggestad,A (2104) Oslo 2016}) 16. Qg4 Nb4 17. Rf2 (17. f5 $15) 17... d5 $17 18. f5 (18. exd5 $17 {is a better defense.} Nxd5 19. Nxd5 Bxd5 20. Be3) 18... d4 $19 19. Na2 {[#]} Nxa2 (19... Nxc2 $1 $19 {[%mdl 512]} 20. Rxc2 d3) 20. Rxa2 $17 d3 {And now ...Nxa4! would win.} 21. g6 hxg6 ({Black should try} 21... fxg6 $17 22. fxg6 Nb3) 22. fxg6 $15 fxg6 {White must now prevent ...Rf8.} 23. Qxg6 {[#]} (23. b4 $17) 23... Bh4 $2 (23... Rf8 $1 $19 {and Black stays clearly on top.} 24. b4 Rxf2 25. Kxf2 Qd7 26. bxc5 (26. Bb2 $2 Rf8+ 27. Kg1 Rf7 $19) 26... d2 {[%mdl 64] Zwischenzug} 27. Bxd2 Qxd2+ 28. Kg1 Bxc5+ 29. Kh2 Rf8 30. Qxe6+ Kh7) 24. Bf4 $17 Qe7 {Strongly threatening ...e5.} 25. b4 (25. Rf1 $17) 25... e5 {Played: Bh4xg3} 0-1

[Event "IND-ch Women 2019"]
[Site "Karaikkudi"]
[Date "2019.07.19"]
[Round "1.4"]
[White "Vijayalakshmi, Subbaraman"]
[Black "Chinnam Vyshnavi"]
[Result "1-0"]
[WhiteElo "2357"]
[BlackElo "1664"]
[Annotator "RC"]
[PlyCount "113"]
[EventDate "2019.07.19"]
[EventType "swiss"]
[EventCountry "IND"]
[SourceTitle "playchess.com"]
[Source "ChessBase"]
[SourceQuality "1"]
[TimeControl "40/5400+30:1800+30"]

1. d4 {[%emt 0:00:46]} Nf6 {[%emt 0:00:00]} 2. Nf3 {[%emt 0:00:26]} g6 {[%emt 0:00:41]} 3. g3 {[%emt 0:00:21]} Bg7 {[%emt 0:00:27]} 4. Bg2 {[%emt 0:00:15]} O-O {[%emt 0:00:44]} 5. O-O {[%emt 0:00:11]} d5 {[%emt 0:00:13]} 6. Be3 {[%emt 0:00:10]} c6 {[%emt 0:07:16]} 7. Qc1 {[%emt 0:01:18]} b6 {[%emt 0:04:08]} 8. Bh6 {[%emt 0:00:31]} Bb7 {[%emt 0:02:24]} 9. c4 {[%emt 0:03:57]} Nbd7 {[%emt 0:04:18]} 10. Rd1 {[%emt 0:01:56]} Rc8 {[%emt 0:03:55]} 11. Nc3 {[%emt 0:02:38]} Ba6 {[%emt 0:02:13]} 12. b3 {[%emt 0:02:24]} e6 {[%emt 0:06:30]} 13. Bxg7 {[%emt 0:05:40]} Kxg7 {[%emt 0:00:11]} 14. Qa3 {[%emt 0:00:28]} Nb8 {[%emt 0:01:46]} 15. Rac1 {[%emt 0:00:43]} dxc4 {[%emt 0:03:10]} 16. bxc4 {[%emt 0:02:13]} Bxc4 {[%emt 0:00:25]} 17. Ne5 {[%emt 0:02:54]} Ba6 {[%emt 0:01:42]} 18. Nxc6 {[%emt 0:01:08]} Nxc6 {[%emt 0:00:08]} 19. Qxa6 {[%emt 0:00:07]} Qe7 {[%emt 0:06:50]} 20. e3 {[%emt 0:05:12]} Rfd8 {[%emt 0:01:37]} 21. Qe2 {[%emt 0:02:12]} Nd5 {[%emt 0:01:28]} 22. Nxd5 {[%emt 0:03:30]} exd5 {[%emt 0:01:55]} 23. h4 {[%emt 0:00:34]} h5 {[%emt 0:03:11]} 24. Bh3 {[%emt 0:02:12]} f5 {[%emt 0:02:42]} 25. Bf1 {[%emt 0:01:52]} Rd6 {[%emt 0:06:49]} 26. Rc2 {[%emt 0:02:38]} Rf8 {[%emt 0:02:17]} 27. Qb5 {[%emt 0:05:34]} Rff6 {[%emt 0:08:47]} 28. Rdc1 {[%emt 0:00:45]} Qe6 {[%emt 0:00:32]} 29. Qa4 {[%emt 0:00:42]} Na5 {[%emt 0:08:12]} 30. Rc8 {[%emt 0:02:42]} Rd7 {[%emt 0:00:53]} 31. Bb5 {[%emt 0:00:28]} Re7 {[%emt 0:00:48]} 32. Qa3 {[%emt 0:02:32]} f4 {[%emt 0:02:56]} 33. exf4 {[%emt 0:00:24]} Nb7 {[%emt 0:04:21]} 34. R8c7 {[%emt 0:03:54]} Nd6 {[%emt 0:00:59]} 35. Qxa7 {[%emt 0:01:17]} Rff7 {[%emt 0:00:10]} 36. Rxe7 {[%emt 0:02:09]} Rxe7 {[%emt 0:00:44]} 37. Qxb6 {[%emt 0:00:30]} Kh6 {[%emt 0:02:26]} 38. Bd3 {[%emt 0:00:32]} Rb7 {[%emt 0:01:00]} 39. Qd8 {[%emt 0:00:15]} Nf7 {[%emt 0:01:39]} 40. Qg8 {[%emt 0:00:00]} Re7 {[%emt 0:00:00]} 41. Qf8+ {[%emt 0:01:49]} Kh7 {[%emt 0:03:34]} 42. f5 {[%emt 0:00:13]} gxf5 {[%emt 0:02:04]} 43. Bxf5+ {[%emt 0:00:17]} Qxf5 {[%emt 0:00:05]} 44. Qxe7 {[%emt 0:00:06]} Kg7 {[%emt 0:00:24]} 45. Rc7 {[%emt 0:00:07]} Qb1+ {[%emt 0:00:42]} 46. Kg2 {[%emt 0:00:07]} Qe4+ {[%emt 0:00:06]} 47. Qxe4 {[%emt 0:00:05]} dxe4 {[%emt 0:00:04]} 48. a4 {[%emt 0:00:06]} Kf6 {[%emt 0:00:06]} 49. a5 {[%emt 0:00:18]} Nd6 {[%emt 0:00:11]} 50. a6 {[%emt 0:00:04]} Nb5 {[%emt 0:00:04]} 51. Rb7 {[%emt 0:00:07]} Nd6 {[%emt 0:00:06]} 52. Rb6 {[%emt 0:00:05]} Ke7 {[%emt 0:00:06]} 53. a7 {[%emt 0:00:05]} Nc8 {[%emt 0:00:07]} 54. Rb7+ {[%emt 0:00:04]} Kd8 {[%emt 0:00:21]} 55. a8=Q {[%emt 0:00:09]} e3 {[%emt 0:00:07]} 56. fxe3 {[%emt 0:00:04]} Ke8 {[%emt 0:00:05]} 57. Qxc8# {[%emt 0:00:04]} 1-0

[Event "IND-ch Women 2019"]
[Site "Karaikkudi"]
[Date "2019.07.19"]
[Round "1.5"]
[White "Yash Jyoti Bir"]
[Black "Srija, Seshadri"]
[Result "0-1"]
[WhiteElo "1646"]
[BlackElo "2306"]
[Annotator "TA"]
[PlyCount "50"]
[EventDate "2019.07.19"]
[EventType "swiss"]
[EventCountry "IND"]
[SourceTitle "playchess.com"]
[Source "ChessBase"]
[SourceQuality "1"]

{[%evp 14,50,22,14,13,12,23,15,16,0,4,0,0,0,0,0,0,0,16,9,20,0,23,-8,0,-14,-14,-4,20,-701,-713,-712,-4,-712,-703,-1018,-1012,-29988,-29989]} 1. e4 e5 2. Nf3 Nc6 3. Bb5 g6 4. d3 Bg7 5. c3 Nge7 6. O-O a6 7. Ba4 O-O 8. Nbd2 b5 {C60: Ruy Lopez: Unusual Black 3rd moves and 3...g6} (8... d5 9. Re1 h6 10. Qe2 Kh7 11. b4 b5 12. Bc2 a5 13. bxa5 Rxa5 14. Bb2 Ra8 15. Nb3 f5 16. Nfd2 {0-1 (84) Kuznetsov,V (2427)-Eljanov,P (2724) Olginka 2011}) 9. Bc2 d6 10. Re1 Kh8 $146 {The position is equal.} ({Predecessor:} 10... f5 11. Bb3+ Kh8 12. Ng5 {0-1 (56) Dinke,A (1850)-Rzayev,A (2051) Konya 2018}) 11. Nf1 f5 12. exf5 Nxf5 13. Bg5 Qd7 14. Ne3 Bb7 15. Nxf5 gxf5 16. Nh4 Qf7 17. d4 e4 18. Qd2 Nd8 19. f3 {[%cal Rf3e4]} Ne6 {White must now prevent ...f4.} 20. fxe4 {[%cal Rh4f5]} fxe4 21. Bh6 $2 {[%mdl 8192]} (21. Be3 $11) 21... Bxh6 $19 {[%mdl 64] Overworked Piece} 22. Qxh6 {[#]} Qf2+ $1 {[%mdl 64] Double Attack} 23. Kh1 {Hoping for Ng6+.} Rf6 ({Inferior is} 23... Qxc2 24. Ng6+ Kg8 25. Ne7+ Kh8 26. Ng6+ Kg8 27. Ne7+ {[%mdl 64] Discovered Attack} Kh8 28. Ng6+ $11) 24. Qh5 Raf8 {( -> ...Qf1+!)} 25. Nf3 {[#]} Nf4 $1 {[%mdl 512] Accuracy: White = 54%, Black = 77%.} 0-1

[Event "IND-ch Women 2019"]
[Site "Karaikkudi"]
[Date "2019.07.19"]
[Round "1.6"]
[White "Gomes, Mary Ann"]
[Black "Shriya R Revankar"]
[Result "1-0"]
[WhiteElo "2303"]
[BlackElo "1627"]
[Annotator "TA"]
[PlyCount "95"]
[EventDate "2019.07.19"]
[EventType "swiss"]
[EventCountry "IND"]
[SourceTitle "playchess.com"]
[Source "ChessBase"]
[SourceQuality "1"]

{[%evp 17,95,-16,-14,-10,-9,-26,0,-20,0,6,0,2,6,0,-3,-13,37,44,43,38,60,29,101,87,80,7,62,79,77,14,17,20,14,15,23,23,24,31,15,18,22,21,120,120,120,120,120,120,120,117,117,117,145,145,171,151,264,194,294,282,296,280,567,494,1017,1061,1398,1381,1199,1157,2424,2205,29962,29963,29954,29954,6385,7390,29957,11693]} 1. Nf3 c5 2. c4 Nc6 3. g3 g6 4. Bg2 Bg7 5. Nc3 d6 6. O-O e5 7. d3 Nge7 8. Ne1 Be6 9. Nd5 O-O 10. Nc2 {A37: Symmetrical English vs ...g6: 4 Bg2 Bg7 5 Nf3} Rb8 11. a4 a6 (11... a5 12. e4 b6 13. Be3 Qd7 14. Qd2 Kh8 15. Rae1 Nb4 16. Ncxb4 axb4 17. b3 Nxd5 18. cxd5 {½-½ (47) Koziak,V (2479)-Istratescu,A (2600) Sautron 2016}) 12. Nce3 {The position is equal.} b5 13. axb5 axb5 14. Ra6 $146 ({Predecessor:} 14. b3 f5 15. Ra6 Kh8 16. Nxe7 Nxe7 17. Nd5 h6 {½-½ (33) Gutsko,A (2124)-Maiko,J (2185) Kiev 2002}) 14... Kh8 15. Nxe7 Nxe7 16. Bd2 f5 17. cxb5 $1 Rxb5 18. Nc4 Nc8 $1 19. Bc3 (19. b4 $5) 19... Bf7 (19... Qe7 $11) 20. Qa4 $16 Rb8 21. Bc6 (21. b4 $16) 21... Nb6 (21... Qe7 $11) 22. Nxb6 $14 Rxb6 23. Ra8 ({White should play} 23. b4 $16) 23... Qc7 24. Rxf8+ Bxf8 25. Bg2 Rb8 26. Ra1 Bg7 27. Qa7 $36 {[%mdl 2048] White has the initiative.} Qxa7 28. Rxa7 Kg8 29. Bc6 d5 (29... c4 $11) 30. Bxd5 $1 $16 Bxd5 {[#]} 31. Rxg7+ $1 {[%mdl 576] Remove Defender, Decoy} Kxg7 32. Bxe5+ {[%mdl 64] Double Attack} Kf7 33. Bxb8 {[%mdl 4096] Endgame KB-KB} Ke6 34. f3 c4 35. d4 g5 36. Kf2 Kd7 (36... g4 $16 37. Ke3 gxf3) 37. Ke3 Kc6 (37... Ke6 $142 38. h4 gxh4 39. gxh4 c3 40. bxc3 Bc4) 38. Be5 $18 Kb5 39. Bf6 Kb4 $2 {[#]} (39... h6 {was called for.} 40. h4 Kb4 41. hxg5 hxg5 42. Bxg5 c3 43. bxc3+ Kxc3) 40. Bxg5 Kb3 (40... c3 $142 41. bxc3+ Kxc3) 41. Kf4 Be6 42. Ke5 Bc8 43. d5 Kxb2 44. Kd6 c3 45. Kc7 Ba6 46. d6 Bb5 47. d7 Bxd7 48. Kxd7 {Accuracy: White = 56%, Black = 25%.} 1-0

[Event "IND-ch Women 2019"]
[Site "Karaikkudi"]
[Date "2019.07.19"]
[Round "1.7"]
[White "Senthamizh Yazhini S"]
[Black "Priyanka Nutakki"]
[Result "1-0"]
[WhiteElo "1622"]
[BlackElo "2293"]
[Annotator "ChessBase"]
[PlyCount "75"]
[EventDate "2019.07.19"]
[EventType "swiss"]
[EventCountry "IND"]
[SourceTitle "playchess.com"]
[Source "ChessBase"]
[SourceQuality "1"]
[TimeControl "40/5400+30:1800+30"]

1. e4 {[%emt 0:00:00]} e6 {[%emt 0:00:00]} 2. d4 {[%emt 0:00:00]} d5 {[%emt 0:00:00]} 3. Nc3 {[%emt 0:00:00]} Nf6 {[%emt 0:00:02]} 4. e5 {[%emt 0:00:05]} Nfd7 {[%emt 0:00:05]} 5. f4 {[%emt 0:00:11]} c5 {[%emt 0:00:06]} 6. Nf3 {[%emt 0:00:03]} Nc6 {[%emt 0:00:06]} 7. Be3 {[%emt 0:00:05]} Be7 {[%emt 0:00:17]} 8. Qd2 {[%emt 0:00:09]} O-O {[%emt 0:00:49]} 9. dxc5 {[%emt 0:00:14]} Bxc5 {[%emt 0:02:39]} 10. Bxc5 {[%emt 0:03:37]} Nxc5 {[%emt 0:00:03]} 11. O-O-O {[%emt 0:00:33]} a6 {[%emt 0:01:37]} 12. g4 {[%emt 0:10:38]} f6 {[%emt 0:05:16]} 13. Bg2 {[%emt 0:06:57]} b5 {[%emt 0:14:51]} 14. exf6 {[%emt 0:10:09]} gxf6 {[%emt 0:08:56]} 15. Nd4 {[%emt 0:07:44]} Na5 {[%emt 0:17:10]} 16. Nb3 {[%emt 0:15:50]} Naxb3+ {[%emt 0:20:45]} 17. axb3 {[%emt 0:02:26]} Bb7 {[%emt 0:00:49]} 18. f5 {[%emt 0:05:12]} b4 {[%emt 0:03:45]} 19. Ne2 {[%emt 0:08:13]} Qc7 {[%emt 0:05:09]} 20. Kb1 {[%emt 0:02:02]} a5 {[%emt 0:11:48]} 21. fxe6 {[%emt 0:11:07]} a4 {[%emt 0:01:12]} 22. e7 {[%emt 0:03:11]} Qxe7 {[%emt 0:00:13]} 23. Bxd5+ {[%emt 0:00:12]} Bxd5 {[%emt 0:00:25]} 24. Qxd5+ {[%emt 0:00:06]} Kh8 {[%emt 0:00:04]} 25. Nd4 {[%emt 0:04:41]} axb3 {[%emt 0:00:27]} 26. Nxb3 {[%emt 0:00:51]} Nxb3 {[%emt 0:00:19]} 27. Qxb3 {[%emt 0:01:25]} Ra6 {[%emt 0:01:18]} 28. c4 {[%emt 0:02:29]} bxc3 {[%emt 0:03:13]} 29. Qxc3 {[%emt 0:00:22]} Rfa8 {[%emt 0:00:41]} 30. Rhe1 {[%emt 0:00:50]} Qf7 {[%emt 0:01:00]} 31. Rd3 {[%emt 0:05:03]} Ra4 {[%emt 0:00:49]} 32. b3 {[%emt 0:00:54]} R4a6 {[%emt 0:01:31]} 33. g5 {[%emt 0:00:25]} Qg6 {[%emt 0:00:30]} 34. Red1 {[%emt 0:00:19]} Rd8 {[%emt 0:00:34]} 35. Kb2 {[%emt 0:00:24]} Rda8 {[%emt 0:00:25]} 36. Rd8+ {[%emt 0:00:19]} Rxd8 {[%emt 0:00:05]} 37. Rxd8+ {[%emt 0:00:02]} Kg7 {[%emt 0:00:01]} 38. Rd7+ {[%emt 0:00:12]} 1-0

[Event "IND-ch Women 2019"]
[Site "Karaikkudi"]
[Date "2019.07.19"]
[Round "1.8"]
[White "Pratyusha, Bodda"]
[Black "Mudaliar Nandini"]
[Result "1-0"]
[WhiteElo "2265"]
[BlackElo "1609"]
[Annotator "TA"]
[PlyCount "89"]
[EventDate "2019.07.19"]
[EventType "swiss"]
[EventCountry "IND"]
[SourceTitle "playchess.com"]
[Source "ChessBase"]
[SourceQuality "1"]

{[%evp 14,94,29,16,55,50,65,68,79,66,72,66,72,64,73,61,73,21,14,20,119,110,111,125,151,112,183,176,185,179,180,179,160,174,171,168,189,149,312,324,423,414,418,423,375,291,447,441,432,430,435,449,449,440,432,421,554,553,637,662,655,631,615,517,695,691,653,597,800,798,1214,764,1204,1204,29989,29988,29991,29989,29993,29994,29998,29999,29999]} 1. d4 d5 2. c4 e6 3. Nc3 Nf6 4. cxd5 exd5 5. Bg5 Be7 6. e3 c6 7. Qc2 Nbd7 8. Nf3 Qa5 {D36: Queen's Gambit Declined: Exchange Variation: Main line (5 Bg5 c6 6 Qc2)} (8... Nf8 9. Bd3 Ne6 10. Bh4 g6 11. O-O O-O 12. Rab1 a5 13. a3 Ng7 14. b4 axb4 15. axb4 Bf5 16. b5 Bxd3 17. Qxd3 Nf5 18. Bxf6 Bxf6 19. bxc6 {½-½ (19) Zubov,A (2605)-Fedoseev,V (2715) Sharjah 2019}) 9. Bd3 Bb4 10. O-O h6 {White is slightly better.} 11. Bh4 O-O 12. a3 $146 ({Predecessor:} 12. Ne2 Re8 13. a3 Bd6 14. b4 Qc7 15. h3 Ne4 16. Bxe4 Rxe4 17. Bg3 Nb6 18. Ne5 f6 19. Nd3 Re7 20. Ndf4 Re8 21. Nh5 Bf8 22. Bxc7 {1-0 (22) Soares,P (2092)-Davidson,J (2176) ICCF email 2012}) 12... Bd6 13. b4 {[%cal Bb2b4,Bb4c5][%mdl 32]} Qc7 14. Rfc1 a6 15. Na4 ({White should try} 15. Rab1 $16) 15... Re8 16. Nc5 Nxc5 (16... Ng4 $11) 17. bxc5 $16 {[#] aiming for Bxf6.} Be7 18. Bg3 $36 {[%mdl 2048] White is really pushing.} Qd8 19. Ne5 Ne4 (19... Be6 $16) 20. Bxe4 $18 dxe4 21. Nc4 Bf5 22. Rab1 Ra7 23. Bd6 Bf6 24. Rb6 Qd7 25. Qb2 Bd8 $2 (25... a5 $16 {is a better defense.} 26. Bg3 Be7) 26. Bb8 Bxb6 27. Nxb6 Rxb8 28. Nxd7 Bxd7 29. Qb6 Raa8 (29... Rba8 $142 30. Qa5 Rc8) 30. Qc7 Be6 31. Rb1 Rc8 32. Qxb7 Bd5 33. h4 a5 34. a4 h5 35. Rb6 g6 36. Ra6 Rab8 37. Qe7 Re8 38. Qd6 Red8 39. Qf6 Re8 40. Rxa5 Re6 41. Qf4 Rb1+ 42. Kh2 {[#] White threatens Ra8+ and mate.} Kg7 43. Ra8 Rb2 44. a5 {White mates.} Rf6 45. Qc7 {Played: Qf4-e5} 1-0

[Event "IND-ch Women 2019"]
[Site "Karaikkudi"]
[Date "2019.07.19"]
[Round "1.9"]
[White "Aishwarya"]
[Black "Nandhidhaa, P V"]
[Result "0-1"]
[WhiteElo "1607"]
[BlackElo "2259"]
[Annotator "TA"]
[PlyCount "58"]
[EventDate "2019.07.19"]
[EventType "swiss"]
[EventCountry "IND"]
[SourceTitle "playchess.com"]
[Source "ChessBase"]
[SourceQuality "1"]

{[%evp 9,85,12,15,-6,0,-20,48,-1,8,-14,0,-14,-13,-47,-1,-46,-42,-43,-51,-57,-73,-92,-37,-85,-82,-110,-91,-108,-16,-35,-21,-212,-222,-222,-219,-323,-306,-473,-466,-464,-464,-451,-436,-432,-374,-411,-400,-721,-722,-668,-718,-717,-717,-791,-789,-839,-839,-839,-822,-839,-819,-1206,-979,-948,-938,-29986,-29987,-29987,-29988,-29988,-29989,-29989,-29990,-29996,-29997,-29997,-29998,-29999]} 1. e4 c5 2. Nf3 e6 3. d4 cxd4 4. Nxd4 Nc6 5. Nb5 d6 6. Be3 {B44: Sicilian: Taimanov: 5 Nb5} (6. c4 Nf6 7. N5c3 b6 8. Be2 Bb7 9. Bf4 a6 10. O-O Be7 11. Re1 O-O 12. Bf1 Rc8 13. Nd2 Nd7 14. Rc1 Nce5 15. Bg3 Bh4 16. Bxh4 Qxh4 17. g3 Qe7 18. f4 Ng6 19. Nf3 Nf6 20. Qd2 Rfd8 {0-1 (65) Jumabayev,R (2594)-Adhiban,B (2671) Hamedan 2018}) 6... a6 7. Nd4 Qc7 (7... Nf6 $11) 8. Nc3 {White is slightly better.} Nf6 9. Be2 Be7 10. Qd2 O-O 11. f4 $146 ({Predecessor:} 11. g4 b5 12. Nxc6 Qxc6 13. Bf3 Bb7 {0-1 (23) Diamandis,G (1592)-Markantonaki,H (2219) Peristeri 2017}) 11... Bd7 12. h3 b5 {And now ...b4 would win.} 13. a3 Nxd4 14. Bxd4 Bc6 $36 {[%mdl 2048] White is under strong pressure.} 15. Bf3 e5 ({Better is} 15... a5 $17 {...b4 is the strong threat.} 16. e5 dxe5 17. fxe5 Rad8) 16. Be3 Qb7 17. Qd3 {[#]} a5 $1 18. O-O {[#]} b4 (18... exf4 $1 $17 19. Bd4 (19. Bxf4 b4 $17) 19... Nd7) 19. axb4 $11 axb4 20. Nd5 $2 (20. fxe5 $11 {and White stays safe.} Rxa1 21. Rxa1 bxc3 22. Ra7) 20... Nxd5 $19 21. exd5 Bb5 {[%mdl 64] Skewer} 22. Qf5 (22. Qb3 $142 Bxf1 23. Rxf1) 22... g6 ({Resist} 22... Bxf1 23. Rxf1 g6 24. Qd3 $19) 23. Qg4 (23. Qe4 $142 Bxf1 24. Rxf1) 23... f5 24. Qg3 Bxf1 25. Rxf1 e4 26. Be2 Bf6 27. b3 Ra2 {[%cal Ba8a2,Ba2c2,Bc2c3][%mdl 32]} 28. h4 (28. Rc1 $142) 28... Rxc2 29. Bc4 Ra8 {Played: Rc2-c3} 0-1